01007cam a2200265Ia 45000010006000000050017000060080041000230350023000640400025000870200015001120200018001270350020001450430012001651000027001772450125002042460055003292600065003843000020004494900032004695040041005016500034005426500046005766500054006228300065006765334220230411090009.0041101s2004 ag b 000 0 spa d a(OCoLC)ocm56881212 aOCLcOCLdOCLCQdOCL a9871181035 a9789871181032 a(OCoLC)56881212 as-ve---1 aBritto García, Luis.10aDictadura mediática en Venezuela :binvestigación de una prensa por encima de toda sospecha /cLuis Britto García.1 iAt head of title:aPeriodismo en tiempos de crisis aBuenos Aires, Argentina :bCapital Intelectual S.A.,cc2004. a90 p. ;c22 cm.1 aLe Monde diplomatique ;v16 aIncludes bibliographical references. 0aMass media policyzVenezuela. 0aMass mediaxPolitical aspectszVenezuela. 0aMass mediaxMoral and ethical aspectszVenezuela. 0aMonde diplomatique (Series) (Buenos Aires, Argentina) ;v16.